[Event "Manhem IM"]
[Site "?"]
[Date "1995.08.22"]
[Round "1"]
[White "Greger, Roland"]
[Black "Moberg, Karl Johan"]
[Result "1/2-1/2"]
[WhiteElo "2290"]
[BlackElo "2420"]
[PlyCount "83"]

1. e4 e5 2. Nf3 Nc6 3. Bc4 Nf6 4. d4 exd4 5. e5 d5 6. Bb5 Ne4 7. Nxd4 Bd7 8.
Bxc6 bxc6 9. O-O Bc5 10. Be3 O-O 11. Nd2 Nxd2 12. Qxd2 Re8 13. Nb3 Bb6 14. Bd4
Qe7 15. Bc3 Rad8 16. a4 a6 17. a5 Ba7 18. Qd3 Bc8 19. Qg3 d4 20. Bd2 Qxe5 21.
Bf4 Qd5 22. Bxc7 Rd7 23. Rae1 Rde7 24. Rxe7 Rxe7 25. Bb8 Bxb8 26. Qxb8 Re8 27.
Qb6 d3 28. cxd3 Qxd3 29. Qxc6 Bd7 30. Qc3 Bb5 31. Qxd3 Bxd3 32. Rc1 g6 33. Nc5
Bb5 34. h3 Re2 35. b3 Ra2 36. Nb7 Kg7 37. g4 h6 38. Kg2 Ra3 39. Rc3 Ba4 40. Nc5
Bc6+ 41. Kg3 Rxa5 42. b4 1/2-1/2

[Event "Manhem IM"]
[Site "?"]
[Date "1995.08.22"]
[Round "1"]
[White "Hultin, Johan"]
[Black "Aberg, Anton"]
[Result "1/2-1/2"]
[WhiteElo "2285"]
[BlackElo "2275"]
[PlyCount "115"]

1. d4 e6 2. Nf3 f5 3. g3 Nf6 4. Bg2 d5 5. c4 c6 6. Qc2 Be7 7. O-O O-O 8. b3 b6
9. Ba3 Bxa3 10. Nxa3 Qe7 11. Qb2 Bb7 12. Nc2 Nbd7 13. Nce1 c5 14. cxd5 exd5 15.
Nd3 Ne4 16. Rac1 Rf6 17. Rfd1 Rh6 18. Rc2 Re8 19. Qc1 Rd6 20. Nfe5 Nxe5 21.
Nxe5 Rdd8 22. e3 Rc8 23. f3 Nd6 24. f4 cxd4 25. Rxd4 Rxc2 26. Qxc2 Ne4 27. b4
Rc8 28. Qb3 Rc1+ 29. Bf1 h6 30. Rxd5 Bxd5 31. Qxd5+ Kh7 32. Nd3 Rd1 33. Qxf5+
g6 34. Qg4 Ra1 35. Ne5 Qe8 36. Qe2 Qe6 37. Qc2 Nd6 38. Qc7+ Kg8 39. Qxa7 Rxa2
40. Qb8+ Kg7 41. Qc7+ Kg8 42. Qxb6 Ra1 43. Qd8+ Kg7 44. Qc7+ Kg8 45. Qc3 Rb1
46. Qd3 Rxb4 47. Nxg6 Rb3 48. Qd5 Rxe3 49. Qxe6+ Rxe6 50. Ne5 Kg7 51. Bd3 Re7
52. g4 Nf7 53. Nxf7 Rxf7 54. Bf5 h5 55. h3 hxg4 56. hxg4 Rxf5 57. gxf5 Kf6 58.
Kf2 1/2-1/2

[Event "Manhem IM"]
[Site "?"]
[Date "1995.08.22"]
[Round "1"]
[White "Liljedahl, Lennart"]
[Black "Ziegler, Ari"]
[Result "0-1"]
[WhiteElo "2325"]
[BlackElo "2355"]
[PlyCount "78"]

1. e4 c5 2. Nc3 Nc6 3. g3 g6 4. Bg2 Bg7 5. d3 d6 6. f4 e6 7. Nf3 Nge7 8. O-O
O-O 9. Ne2 b6 10. c3 Bb7 11. Rb1 Qd7 12. b4 Rae8 13. Qa4 f5 14. Rd1 Qc8 15.
bxc5 dxc5 16. e5 Na5 17. c4 Bc6 18. Qa3 Qa8 19. Ne1 Bxg2 20. Nxg2 Qf3 21. Nc3
Rd8 22. Be3 Nec6 23. Rf1 Qh5 24. Nb5 Rd7 25. Rf2 Rfd8 26. Ne1 Bf8 27. Qc3 Nb4
28. Rd1 Nbc6 29. a3 Bg7 30. Qc2 g5 31. Rg2 Kh8 32. Qf2 h6 33. Qc2 Rg8 34. Nc3
gxf4 35. gxf4 Bf8 36. Rg3 Rdg7 37. Qg2 Be7 38. Nf3 Nd4 39. Bxd4 cxd4 {White
lost on time.} 0-1

[Event "Manhem IM"]
[Site "?"]
[Date "1995.08.22"]
[Round "1"]
[White "Teske, Henrik"]
[Black "Schwarz, Michael"]
[Result "1-0"]
[WhiteElo "2500"]
[BlackElo "2410"]
[PlyCount "77"]

1. d4 Nf6 2. c4 e6 3. g3 d5 4. Bg2 dxc4 5. Nf3 Nbd7 6. Qa4 a6 7. Nc3 c5 8. O-O
Rb8 9. dxc5 Bxc5 10. Qxc4 b5 11. Qh4 Bb7 12. Bf4 Rc8 13. Rad1 b4 14. Na4 Be7
15. Bd6 Bxd6 16. Rxd6 Ne4 17. Qxd8+ Rxd8 18. Rd4 a5 19. Ng5 Nxg5 20. Bxb7 f6
21. Rc1 e5 22. Rd5 Ne6 23. Rxa5 Nd4 24. Kf1 Rb8 25. e3 Ke7 26. Be4 Nb5 27. Rd1
Rhc8 28. Bxh7 Rc7 29. Bf5 Nf8 30. h4 Nd6 31. Bh3 Nc4 32. Ra6 b3 33. a3 g6 34.
Rd3 e4 35. Rd4 f5 36. h5 Ne6 37. Rd5 Rh8 38. g4 Nf8 39. hxg6 1-0

[Event "Manhem IM"]
[Site "?"]
[Date "1995.08.22"]
[Round "1"]
[White "Urban, Julian"]
[Black "Bjerring, Kai"]
[Result "0-1"]
[WhiteElo "2350"]
[BlackElo "2260"]
[PlyCount "80"]

1. Nf3 d5 2. g3 Nc6 3. Bg2 Bf5 4. c4 e6 5. O-O Nf6 6. b3 Be7 7. Bb2 O-O 8. d3
h6 9. Nbd2 Qd7 10. a3 a5 11. Rc1 Rfd8 12. cxd5 exd5 13. Re1 Bh3 14. Bh1 Ng4 15.
Rc2 Qe6 16. e3 Nce5 17. Qe2 c6 18. Nd4 Qg6 19. f4 c5 20. fxe5 Nxe5 21. N4f3
Nxd3 22. Rb1 b5 23. Ba1 Ra6 24. e4 Re6 25. Qxd3 dxe4 26. Qc3 exf3 27. Nxf3 Bf6
28. Qxc5 Bf5 29. Bxf6 Qxf6 30. Rf1 Bxc2 31. Qxc2 Qe7 32. Qf2 Re2 33. Re1 Rxf2
34. Rxe7 Ra2 35. Re4 Rd1+ 36. Ne1 Rxa3 37. Bf3 Rd2 38. Re3 g6 39. Bc6 a4 40.
Bxb5 axb3 {White resigned.} 0-1

[Event "Manhem IM"]
[Site "?"]
[Date "1995.08.23"]
[Round "2"]
[White "Bjerring, Kai"]
[Black "Teske, Henrik"]
[Result "0-1"]
[WhiteElo "2350"]
[BlackElo "2500"]
[PlyCount "58"]

1. e4 c5 2. c3 e5 3. Nf3 Nc6 4. Bb5 Nge7 5. O-O g6 6. d4 cxd4 7. cxd4 exd4 8.
Nxd4 Bg7 9. Nxc6 bxc6 10. Bc4 d5 11. exd5 cxd5 12. Bb5+ Bd7 13. Bxd7+ Qxd7 14.
Bg5 O-O 15. Nc3 d4 16. Qa4 Qb7 17. Qb5 Qc7 18. Bxe7 Qxe7 19. Rfe1 Qd8 20. Na4
Rc8 21. Rad1 Qd6 22. Qd3 h5 23. Re2 Rfe8 24. Rxe8+ Rxe8 25. h3 h4 26. Qb5 Re5
27. Qb7 Qe6 28. Qb4 a5 29. Qd2 Qxa2 0-1

[Event "Manhem IM"]
[Site "?"]
[Date "1995.08.23"]
[Round "2"]
[White "Liljedahl, Lennart"]
[Black "Urban, Julian"]
[Result "1-0"]
[WhiteElo "2325"]
[BlackElo "2260"]
[PlyCount "77"]

1. e4 Nc6 2. d4 d6 3. d5 Nb8 4. c4 Nf6 5. Nc3 g6 6. Be2 Bg7 7. Be3 c6 8. Nf3
Bg4 9. h3 Bxf3 10. Bxf3 Nbd7 11. Qd2 O-O 12. O-O a6 13. Rac1 c5 14. Be2 b5 15.
cxb5 axb5 16. Bxb5 Qb6 17. a4 Qa5 18. f3 Rfb8 19. Nb1 Qd8 20. Na3 Ne8 21. b4
cxb4 22. Qxb4 Nc7 23. Rc2 Na6 24. Qe1 Nac5 25. Nc4 Nxa4 26. Bc6 Ra6 27. Qh4 Bf6
28. Qf2 Nac5 29. Rd1 Ra1 30. Rxa1 Bxa1 31. Bd4 Rb1+ 32. Kh2 Bxd4 33. Qxd4 Qb8
34. Ra2 Nb3 35. Qe3 Qd8 36. Ra8 Nb8 37. Qd3 Ra1 38. Qxb3 Rxa8 39. Bxa8 1-0

[Event "Manhem IM"]
[Site "?"]
[Date "1995.08.23"]
[Round "2"]
[White "Moberg, Karl Johan"]
[Black "Hultin, Johan"]
[Result "1-0"]
[WhiteElo "2420"]
[BlackElo "2285"]
[PlyCount "47"]

1. e4 c5 2. Nf3 Nc6 3. d4 cxd4 4. Nxd4 g6 5. c4 Nf6 6. Nc3 Nxd4 7. Qxd4 d6 8.
Be3 Bg7 9. Be2 O-O 10. Qd2 Ng4 11. Bxg4 Bxg4 12. Bd4 Bd7 13. O-O Bc6 14. Rfe1
Qa5 15. Bxg7 Kxg7 16. Re3 Qc5 17. b3 a5 18. Nd5 e6 19. Qc3+ e5 20. Rd1 Bxd5 21.
Rxd5 Qa3 22. Qd2 Ra6 23. Rb5 b6 24. Qc2 1-0

[Event "Manhem IM"]
[Site "?"]
[Date "1995.08.23"]
[Round "2"]
[White "Schwarz, Michael"]
[Black "Greger, Roland"]
[Result "1-0"]
[WhiteElo "2410"]
[BlackElo "2290"]
[PlyCount "79"]

1. d4 Nf6 2. g3 d5 3. Bg2 e6 4. Nf3 Be7 5. O-O O-O 6. c4 dxc4 7. Nc3 c5 8. dxc5
Nc6 9. Qa4 e5 10. Rd1 Qc7 11. Nb5 Qb8 12. Qxc4 Be6 13. Qc2 h6 14. a3 a6 15. Nd6
Rd8 16. Be3 Nd5 17. Nc4 Nxe3 18. Nxe3 Nd4 19. Nxd4 exd4 20. Nf5 Bf6 21. Nd6 Ra7
22. Nc4 Bxc4 23. Qxc4 b5 24. Qd3 Qe5 25. c6 Re8 26. Rd2 Ree7 27. Bf3 h5 28.
Rad1 g6 29. Qc2 Qg5 30. Rd3 h4 31. a4 Be5 32. axb5 axb5 33. Qc5 hxg3 34. hxg3
f5 35. Qxb5 f4 36. g4 Rh7 37. Rxd4 Rae7 38. Rd8+ Kg7 39. R8d7 Kf8 40. Rxe7 1-0

[Event "Manhem IM"]
[Site "?"]
[Date "1995.08.23"]
[Round "2"]
[White "Ziegler, Ari"]
[Black "Aberg, Anton"]
[Result "1/2-1/2"]
[WhiteElo "2335"]
[BlackElo "2275"]
[PlyCount "109"]

1. d4 Nf6 2. c4 c5 3. d5 b5 4. cxb5 a6 5. f3 g6 6. e4 d6 7. Nc3 Bg7 8. a4 O-O
9. Rb1 axb5 10. Bxb5 e6 11. Nge2 Na6 12. dxe6 fxe6 13. e5 dxe5 14. Qxd8 Rxd8
15. Bg5 h6 16. Bxf6 Bxf6 17. Ne4 Bh4+ 18. g3 Be7 19. Rd1 Bb7 20. Rxd8+ Rxd8 21.
Bc4 Kf7 22. Kf2 Nb4 23. h4 Nd3+ 24. Bxd3 Rxd3 25. Rc1 Rb3 26. Nxc5 Rxf3+ 27.
Ke1 Bc6 28. b3 Bd6 29. b4 Bxc5 30. Rxc5 Bxa4 31. Rxe5 Rb3 32. Re4 g5 33. Kd2
Bc6 34. Rxe6 Bb5 35. Nd4 Rxb4 36. Rd6 gxh4 37. gxh4 Bf1 38. Ke3 Bh3 39. Rxh6
Kg7 40. Rd6 Rb1 41. h5 Ra1 42. h6+ Kh7 43. Nf3 Ra3+ 44. Kf4 Rxf3+ 45. Kxf3 Bf5
46. Kf4 Bc2 47. Rb6 Bg6 48. Kg5 Bd3 49. Rb8 Bc2 50. Rd8 Be4 51. Rd2 Bb1 52. Kf6
Kh8 53. Kf7 Kh7 54. Kf6 Kh8 55. Rd4 1/2-1/2

[Event "Manhem IM"]
[Site "?"]
[Date "1995.08.24"]
[Round "3"]
[White "Aberg, Anton"]
[Black "Moberg, Karl Johan"]
[Result "1/2-1/2"]
[WhiteElo "2275"]
[BlackElo "2420"]
[PlyCount "86"]

1. e4 e5 2. Nc3 Nf6 3. f4 d5 4. fxe5 Nxe4 5. Nf3 Nc6 6. Bb5 Bb4 7. Qe2 Bxc3 8.
dxc3 O-O 9. O-O Bg4 10. Qe3 Qe7 11. c4 Nxe5 12. cxd5 Bxf3 13. gxf3 Nd6 14. f4
Ng6 15. Qxe7 Nxe7 16. Bd3 Nxd5 17. Bd2 Rfe8 18. Rfe1 Rxe1+ 19. Rxe1 Re8 20.
Rxe8+ Nxe8 21. c4 Ne7 22. b4 f5 23. Kf2 Kf7 24. Bc3 Nf6 25. h3 Ke6 26. Kf3 h6
27. Bd2 b6 28. Be3 Nc8 29. c5 Ne7 30. Bc4+ Ned5 31. Bd4 Ne4 32. cxb6 cxb6 33.
Ke2 Kd6 34. Bxg7 Nxf4+ 35. Ke3 Nxh3 36. Bxh6 Nhf2 37. Bf4+ Kc6 38. Be2 Kd5 39.
Bb8 a5 40. bxa5 bxa5 41. a4 Nh3 42. Bd3 Nhf2 43. Be2 Nh3 1/2-1/2

[Event "Manhem IM"]
[Site "?"]
[Date "1995.08.24"]
[Round "3"]
[White "Greger, Roland"]
[Black "Bjerring, Kai"]
[Result "1/2-1/2"]
[WhiteElo "2290"]
[BlackElo "2350"]
[PlyCount "30"]

1. e4 Nf6 2. e5 Nd5 3. d4 d6 4. Nf3 g6 5. Bc4 Nb6 6. Bb3 Bg7 7. Qe2 dxe5 8.
dxe5 Nc6 9. O-O Nd4 10. Nxd4 Qxd4 11. e6 Bxe6 12. Bxe6 fxe6 13. Nd2 O-O-O 14.
Qxe6+ Rd7 15. c3 Qd5 1/2-1/2

[Event "Manhem IM"]
[Site "?"]
[Date "1995.08.24"]
[Round "3"]
[White "Hultin, Johan"]
[Black "Schwarz, Michael"]
[Result "0-1"]
[WhiteElo "2285"]
[BlackElo "2410"]
[PlyCount "80"]

1. d4 Nf6 2. Nf3 g6 3. c4 Bg7 4. Nc3 d5 5. cxd5 Nxd5 6. e4 Nxc3 7. bxc3 O-O 8.
Be2 b6 9. O-O Bb7 10. Qd3 c5 11. Bg5 Qc7 12. Qe3 e6 13. Rad1 Nd7 14. e5 cxd4
15. cxd4 Bd5 16. Be7 Rfe8 17. Bd6 Qb7 18. Rc1 Rac8 19. Qa3 Nb8 20. h4 Bh6 21.
Rxc8 Rxc8 22. h5 b5 23. Qb2 a6 24. a4 bxa4 25. Qa3 Qb3 26. Qa1 Qa2 27. Qe1 a3
28. Bd3 Qb3 29. Bb1 a2 30. Bxa2 Qxa2 31. Nh2 gxh5 32. Qd1 Rc1 33. Qxh5 Qd2 34.
Qg4+ Bg7 35. Be7 Nd7 36. Bg5 Rxf1+ 37. Nxf1 Qd3 38. Ne3 Qe4 39. Qg3 Kh8 40. Ng4
Qxd4 {White resigned.} 0-1

[Event "Manhem IM"]
[Site "?"]
[Date "1995.08.24"]
[Round "3"]
[White "Teske, Henrik"]
[Black "Liljedahl, Lennart"]
[Result "1-0"]
[WhiteElo "2500"]
[BlackElo "2325"]
[PlyCount "103"]

1. d4 Nf6 2. c4 e6 3. Nf3 b6 4. g3 Bb7 5. Bg2 Bb4+ 6. Bd2 Bxd2+ 7. Nbxd2 d6 8.
O-O O-O 9. Qc2 Nbd7 10. Rfd1 Qe7 11. Rac1 Rfd8 12. e4 e5 13. d5 g6 14. Ne1 Nh5
15. b4 a5 16. a3 axb4 17. axb4 Ra7 18. Nb3 Rda8 19. Rd2 Nhf6 20. Rcd1 Qf8 21.
Qb1 Qh6 22. Nc2 Bc8 23. Ne3 Qh5 24. Qc1 Nf8 25. c5 bxc5 26. bxc5 Bh3 27. f3
Bxg2 28. Kxg2 Ra3 29. Qb2 R3a4 30. Qc3 N8d7 31. h4 Rb8 32. Nc4 dxc5 33. Nba5
Rbb4 34. d6 c6 35. Ra1 Rxa1 36. Qxa1 g5 37. Nxe5 gxh4 38. Nxd7 Nxd7 39. Nxc6 f6
40. Nxb4 hxg3 41. Qh1 Qxh1+ 42. Kxh1 cxb4 43. Kg2 Kf7 44. Rb2 Ke6 45. Rxb4 Kxd6
46. Kxg3 Ke6 47. Kf4 Ne5 48. Rb6+ Kf7 49. Kf5 Nxf3 50. Rb7+ Kg8 51. Kxf6 h5 52.
e5 1-0

[Event "Manhem IM"]
[Site "?"]
[Date "1995.08.24"]
[Round "3"]
[White "Urban, Julian"]
[Black "Ziegler, Ari"]
[Result "0-1"]
[WhiteElo "2260"]
[BlackElo "2335"]
[PlyCount "76"]

1. d4 Nf6 2. Nf3 g6 3. Bg5 Bg7 4. Nbd2 O-O 5. c3 d5 6. e3 b6 7. a4 Nbd7 8. Be2
Bb7 9. O-O Ne4 10. Nxe4 dxe4 11. Nd2 f5 12. f3 h6 13. Bh4 g5 14. Bf2 e5 15.
fxe4 exd4 16. cxd4 fxe4 17. Qb3+ Kh8 18. Bg3 c5 19. d5 Rxf1+ 20. Rxf1 Ne5 21.
Nxe4 Qxd5 22. Qxd5 Bxd5 23. Nc3 Be6 24. Rd1 Nc4 25. Bxc4 Bxc4 26. Rd7 Re8 27.
Bf2 a6 28. e4 a5 29. Rd6 Re6 30. Rd8+ Kh7 31. Rd7 Kg6 32. h3 Bb3 33. Bg3 Bxc3
34. bxc3 Bxa4 35. Rd6 Rxd6 36. Bxd6 Bb3 37. Bc7 a4 38. Bxb6 a3 0-1

[Event "Manhem IM"]
[Site "?"]
[Date "195.08.24"]
[Round "4"]
[White "Bjerring, Kai"]
[Black "Hultin, Johan"]
[Result "1-0"]
[WhiteElo "2350"]
[BlackElo "2285"]
[PlyCount "95"]

1. e4 c5 2. c3 e6 3. d4 d5 4. exd5 exd5 5. Nf3 Bd6 6. Be3 c4 7. b3 cxb3 8. axb3
Nf6 9. Be2 O-O 10. O-O Re8 11. c4 Nc6 12. Nc3 Bf5 13. Bg5 Nb4 14. Qd2 h6 15.
Bxf6 Qxf6 16. Nb5 a5 17. Nxd6 Qxd6 18. c5 Qf6 19. Ne5 Nc2 20. Bb5 Nxa1 21. Bxe8
Nxb3 22. Bxf7+ Qxf7 23. Qb2 Qc7 24. Qxb3 Be6 25. Ra1 Rf8 26. g3 Kh7 27. Qb5 Qe7
28. Qxa5 Qg5 29. Qe1 Qh5 30. f3 Qg5 31. Qc1 Ra8 32. f4 Rxa1 33. Qxa1 Qh5 34.
Qf1 Bf5 35. Qf3 Qe8 36. g4 Be4 37. Qf2 Qa4 38. h3 Qb3 39. Kh2 b5 40. cxb6 Qxb6
41. f5 Qb4 42. Ng6 Qa3 43. h4 Qd6+ 44. Ne5 Qf6 45. Kg3 h5 46. g5 Qb6 47. f6
gxf6 48. gxf6 1-0

[Event "Manhem IM"]
[Site "?"]
[Date "1995.08.24"]
[Round "4"]
[White "Liljedahl, Lennart"]
[Black "Greger, Roland"]
[Result "1-0"]
[WhiteElo "2325"]
[BlackElo "2290"]
[PlyCount "75"]

1. e4 e6 2. d4 d5 3. exd5 exd5 4. c4 Nf6 5. Nc3 Be7 6. c5 O-O 7. Bd3 b6 8. cxb6
axb6 9. h3 Bb7 10. Nf3 c5 11. O-O Ne4 12. Bf4 Nd7 13. Nb5 Bf6 14. Re1 cxd4 15.
Nfxd4 Ndc5 16. Bf1 Ne6 17. Be3 Nd6 18. Nxd6 Qxd6 19. Qd2 Rfe8 20. Red1 Ba6 21.
Bxa6 Rxa6 22. a3 Rd8 23. Rac1 Ra4 24. Nc6 Rda8 25. Nb4 d4 26. Qc2 R4a5 27. Bd2
Rc5 28. Qe4 Rd8 29. Rb1 Re5 30. Qf3 Rc5 31. Nd3 Rc2 32. Qf5 Rcc8 33. Rbc1 Rxc1
34. Rxc1 Qe7 35. Qb5 Bg5 36. Bxg5 Nxg5 37. Qxb6 h6 38. a4 {Black lost on time.}
1-0

[Event "Manhem IM"]
[Site "?"]
[Date "1995.08.24"]
[Round "4"]
[White "Schwarz, Michael"]
[Black "Aberg, Anton"]
[Result "1-0"]
[WhiteElo "2410"]
[BlackElo "2275"]
[PlyCount "115"]

1. Nf3 Nf6 2. c4 e6 3. g3 b6 4. Bg2 Bb7 5. O-O Be7 6. Nc3 O-O 7. Re1 c5 8. e4
d6 9. d4 cxd4 10. Nxd4 Qc8 11. b3 a6 12. Ba3 Re8 13. Rc1 Nbd7 14. f4 Qb8 15. f5
e5 16. Nc2 b5 17. Ne3 Nc5 18. Qc2 Rc8 19. Rcd1 Bd8 20. Kh1 Bb6 21. Ned5 Bxd5
22. Nxd5 Nxd5 23. Rxd5 Bd8 24. Qd2 Be7 25. Bf1 Ra7 26. Kg2 Rb7 27. Bxc5 Rxc5
28. cxb5 axb5 29. b4 Rcc7 30. Bd3 Qc8 31. Re2 Rc3 32. Rxb5 Ra7 33. Rd5 Rca3 34.
Bb1 Qc4 35. Ra5 R7xa5 36. bxa5 {Both notations are extremely unclear from
black's moves 36-43. Probable course of game seems.} Rc3 37. Re1 h5 38. Re3 Rc1
39. Bd3 Qc5 40. Re1 Rxe1 41. Qxe1 Bd8 42. a6 Bb6 43. Qe2 g6 44. fxg6 fxg6 45.
Bc4+ Kg7 46. Qf1 Qc7 47. Bb3 d5 48. Bxd5 Qc5 49. Qf7+ Kh6 50. Qf1 Qc2+ 51. Kh1
Qc5 52. h4 Kg7 53. Bb3 Ba7 54. Kh2 Kh6 55. Be6 Qe7 56. Qf7 Qxf7 57. Bxf7 g5 58.
Kg2 {Black resigned.} 1-0

[Event "Manhem IM"]
[Site "?"]
[Date "1995.08.24"]
[Round "4"]
[White "Urban, Julian"]
[Black "Teske, Henrik"]
[Result "1/2-1/2"]
[WhiteElo "2260"]
[BlackElo "2500"]
[PlyCount "80"]

1. Nf3 d5 2. g3 Nf6 3. Bg2 c6 4. O-O Bf5 5. b3 Nbd7 6. Bb2 e6 7. d3 Bc5 8. Nbd2
O-O 9. Qe1 h6 10. e4 dxe4 11. dxe4 Bh7 12. Qe2 Re8 13. e5 Nd5 14. c4 Nb4 15.
Ne4 a5 16. Rfd1 Bxe4 17. Qxe4 Qe7 18. a3 Na6 19. Qe1 Bb6 20. Bc3 Ndc5 21. Nd4
Qc7 22. b4 Na4 23. c5 Ba7 24. Nb3 Nxc3 25. Qxc3 axb4 26. axb4 Bb8 27. f4 Qc8
28. Nd2 Rd8 29. Nc4 Nc7 30. Nd6 Rxa1 31. Qxa1 Qd7 32. Bf3 Nd5 33. Qd4 b6 34.
Kh1 bxc5 35. bxc5 Ba7 36. Rb1 Rb8 37. Rxb8+ Bxb8 38. Qd2 Qa7 39. Qb2 Bc7 40.
Bxd5 exd5 1/2-1/2

[Event "Manhem IM"]
[Site "?"]
[Date "1995.08.24"]
[Round "4"]
[White "Ziegler, Ari"]
[Black "Moberg, Karl Johan"]
[Result "0-1"]
[WhiteElo "2335"]
[BlackElo "2420"]
[PlyCount "80"]

1. d4 Nf6 2. c4 g6 3. Nc3 d5 4. cxd5 Nxd5 5. e4 Nxc3 6. bxc3 Bg7 7. Nf3 c5 8.
Rb1 O-O 9. Be2 cxd4 10. cxd4 Qa5+ 11. Bd2 Qxa2 12. O-O b6 13. Qc1 Qe6 14. Bc4
Qxe4 15. Bxf7+ Rxf7 16. Qxc8+ Rf8 17. Qc4+ e6 18. Rb5 Qc6 19. Qb3 Na6 20. d5
exd5 21. Rxd5 Kh8 22. Ng5 Nc5 23. Rxc5 bxc5 24. Ne6 c4 25. Qh3 c3 26. Bc1 Qd7
27. Nxf8 Qxh3 28. Nxg6+ hxg6 29. gxh3 a5 30. Re1 a4 31. Re2 a3 32. Ra2 Bf8 33.
Kg2 Rb8 34. Ra1 Rb2 35. Be3 c2 36. Rc1 Kh7 37. Kf3 Bh6 38. Ke4 Bxe3 39. fxe3 a2
40. Kd3 Rb1 0-1

[Event "Manhem IM"]
[Site "?"]
[Date "1995.08.25"]
[Round "5"]
[White "Aberg, Anton"]
[Black "Bjerring, Kai"]
[Result "1/2-1/2"]
[WhiteElo "2275"]
[BlackElo "2350"]
[PlyCount "51"]

1. c4 Nf6 2. Nc3 g6 3. g3 d5 4. cxd5 Nxd5 5. Bg2 Nxc3 6. bxc3 Bg7 7. Rb1 Nd7 8.
d4 O-O 9. e4 c5 10. Ne2 Qa5 11. O-O Qxa2 12. Bg5 cxd4 13. cxd4 Re8 14. e5 Nb6
15. Rxb6 axb6 16. Nc3 Qa5 17. Nd5 Bh3 18. Nxe7+ Rxe7 19. Bxe7 Bxg2 20. Kxg2
Qd5+ 21. Kg1 b5 22. Bb4 Rd8 23. Bd6 Bf8 24. Bxf8 Kxf8 25. Qb1 Qxd4 26. Qxb5
1/2-1/2

[Event "Manhem IM"]
[Site "?"]
[Date "1995.08.25"]
[Round "5"]
[White "Greger, Roland"]
[Black "Urban, Julian"]
[Result "1-0"]
[WhiteElo "2290"]
[BlackElo "2260"]
[PlyCount "73"]

1. e4 c5 2. c3 d6 3. d4 Nf6 4. Bd3 g6 5. Nf3 Bg7 6. h3 O-O 7. O-O Qc7 8. Bg5
Nc6 9. d5 Nd8 10. Re1 e5 11. a4 Nh5 12. Na3 f6 13. Be3 Nf7 14. b4 b6 15. a5 Bd7
16. Nb5 Bxb5 17. Bxb5 Bh6 18. Bc6 Rab8 19. axb6 axb6 20. Bxh6 Nxh6 21. Qa4 Rf7
22. g3 Kg7 23. Re2 Qc8 24. Kg2 Qd8 25. Rea2 g5 26. Qd1 Kg6 27. Ra8 Ng7 28. h4
Rxa8 29. Rxa8 Qe7 30. Qc1 Ng4 31. Rg8 Nh6 32. Rh8 g4 33. h5+ Kxh5 34. Qh1+ Kg6
35. Nh4+ Kg5 36. Qc1+ Kh5 37. Rxh7 1-0

[Event "Manhem IM"]
[Site "?"]
[Date "1995.08.25"]
[Round "5"]
[White "Hultin, Johan"]
[Black "Liljedahl, Lennart"]
[Result "1-0"]
[WhiteElo "2285"]
[BlackElo "2325"]
[PlyCount "130"]

1. d4 Nf6 2. Nf3 e6 3. Bg5 d5 4. e3 Be7 5. c4 c6 6. Nc3 Nbd7 7. Bd3 dxc4 8.
Bxc4 b5 9. Bd3 Bb7 10. O-O h6 11. Bh4 O-O 12. Rc1 Rc8 13. Qe2 b4 14. Na4 Qa5
15. b3 c5 16. Ne5 Nxe5 17. dxe5 Nd5 18. Bxe7 Nxe7 19. f4 Nd5 20. e4 Nb6 21.
Nxb6 axb6 22. Bc4 b5 23. Bxb5 Bxe4 24. Bc4 Qa8 25. Rce1 Bd5 26. Bxd5 Qxd5 27.
Rd1 Qa8 28. Rd6 Rfd8 29. Rfd1 Rxd6 30. exd6 Qc6 31. f5 Qd7 32. fxe6 fxe6 33.
Qe4 Rd8 34. h3 Rf8 35. Rd3 Rc8 36. g4 Rd8 37. Qe5 Rc8 38. Re3 Kf7 39. h4 c4 40.
Qf4+ Kg8 41. bxc4 Qa4 42. Qd4 Rd8 43. c5 Qxa2 44. Qxb4 Rf8 45. Qe1 Qc4 46. d7
Qxc5 47. Qd2 Rd8 48. Kf2 Kf7 49. Kg2 Ke7 50. Rf3 Rxd7 51. Qf4 Ke8 52. Qb8+ Rd8
53. Qb1 Rd2+ 54. Kh3 Rc2 55. Qb8+ Qc8 56. Qd6 Qc3 57. Qxe6+ Kd8 58. Qg8+ Ke7
59. Qf8+ Ke6 60. Qf7+ Kd6 61. Rxc3 Rxc3+ 62. Kg2 Rc7 63. Qg6+ Kd5 64. Kf3 Re7
65. Kf4 Kc5 1-0

[Event "Manhem IM"]
[Site "?"]
[Date "1995.08.25"]
[Round "5"]
[White "Moberg, Karl Johan"]
[Black "Schwarz, Michael"]
[Result "1/2-1/2"]
[WhiteElo "2420"]
[BlackElo "2410"]
[PlyCount "60"]

1. e4 d6 2. d4 Nf6 3. Nc3 c6 4. f3 e5 5. dxe5 dxe5 6. Qxd8+ Kxd8 7. Bc4 Ke8 8.
f4 Bb4 9. Bd3 Nbd7 10. fxe5 Nxe5 11. Nf3 Nfd7 12. Bd2 f6 13. O-O-O Kf7 14. Ne2
Bd6 15. Ned4 Re8 16. Nf5 Nxd3+ 17. cxd3 Bc7 18. g4 g6 19. Ne3 Ne5 20. Nxe5+
Bxe5 21. h3 Be6 22. Kb1 Rad8 23. Bc3 c5 24. Bxe5 fxe5 25. b3 Ke7 26. Kc2 Rf8
27. Rdf1 Rf4 28. Ng2 Rxf1 29. Rxf1 Rg8 30. Rf3 b6 1/2-1/2

[Event "Manhem IM"]
[Site "?"]
[Date "1995.08.25"]
[Round "5"]
[White "Teske, Henrik"]
[Black "Ziegler, Ari"]
[Result "1/2-1/2"]
[WhiteElo "2500"]
[BlackElo "2335"]
[PlyCount "105"]

1. d4 Nf6 2. c4 g6 3. g3 Bg7 4. Bg2 O-O 5. e4 d6 6. Ne2 e5 7. O-O Nbd7 8. Nbc3
Re8 9. b3 exd4 10. Nxd4 Nc5 11. f3 c6 12. Be3 Qe7 13. Re1 a5 14. Qc2 Bd7 15.
Rad1 Rad8 16. h3 h5 17. Qf2 Qf8 18. Bc1 Ra8 19. Ba3 a4 20. b4 Ne6 21. Nde2 Ng5
22. Nf4 Ng4 23. hxg4 Bxc3 24. Re3 Qg7 25. Rxd6 Be6 26. Ne2 Be5 27. Rd2 Rad8 28.
Bc1 Rxd2 29. Bxd2 Rd8 30. Be1 Bc7 31. f4 Nh7 32. gxh5 Bxc4 33. hxg6 Nf6 34.
gxf7+ Qxf7 35. Bf3 Bb6 36. Kg2 Qf8 37. Nc1 Bb5 38. Bc3 Qe7 39. a3 Bxe3 40. Qxe3
Nd5 41. Qe1 Nxc3 42. Qxc3 Qd6 43. Ne2 Rd7 44. Kf2 Qd1 45. Qe5 Rd2 46. Qh5 Qa1
47. e5 Qd4+ 48. Kg2 Qe3 49. Qe8+ Kg7 50. Qe7+ Kg8 51. Qe8+ Kg7 52. Qe7+ Kg8 53.
Qe8+ 1/2-1/2

[Event "Manhem IM"]
[Site "?"]
[Date "1995.08.26"]
[Round "6"]
[White "Bjerring, Kai"]
[Black "Moberg, Karl Johan"]
[Result "1/2-1/2"]
[WhiteElo "2350"]
[BlackElo "2420"]
[PlyCount "29"]

1. e4 e5 2. Nf3 Nc6 3. d4 exd4 4. Nxd4 Nf6 5. Nxc6 bxc6 6. e5 Qe7 7. Qe2 Nd5 8.
c4 Nb6 9. b3 Bb7 10. a4 Qb4+ 11. Nd2 Qc3 12. Rb1 Bb4 13. Kd1 Ba6 14. Bb2 Nd5
15. Qd3 1/2-1/2

[Event "Manhem IM"]
[Site "?"]
[Date "1995.08.26"]
[Round "6"]
[White "Liljedahl, Lennart"]
[Black "Aberg, Anton"]
[Result "0-1"]
[WhiteElo "2325"]
[BlackElo "2275"]
[PlyCount "48"]

1. e4 d6 2. Bc4 Nf6 3. d3 c6 4. Bb3 e5 5. c3 Be7 6. Nd2 Na6 7. Bc2 Nc5 8. Nc4
O-O 9. Ne2 Re8 10. O-O Bf8 11. f4 exf4 12. Nxf4 d5 13. exd5 cxd5 14. Nd2 Bd6
15. Nf3 Qc7 16. g3 Bg4 17. Ng2 Nce4 18. Be3 Nh5 19. Qe1 Nexg3 20. hxg3 Bxg3 21.
Qd2 Re6 22. Bd1 Rg6 23. d4 Bh3 24. Kh1 Bd6 0-1

[Event "Manhem IM"]
[Site "?"]
[Date "1995.08.26"]
[Round "6"]
[White "Teske, Henrik"]
[Black "Greger, Roland"]
[Result "1/2-1/2"]
[WhiteElo "2500"]
[BlackElo "2290"]
[PlyCount "86"]

1. d4 Nf6 2. c4 e6 3. g3 d5 4. Bg2 Be7 5. Nf3 O-O 6. O-O dxc4 7. Ne5 Nc6 8.
Bxc6 bxc6 9. Nxc6 Qd6 10. Nxe7+ Qxe7 11. Qa4 e5 12. dxe5 Qxe5 13. Nc3 Be6 14.
Bf4 Qc5 15. Rfd1 Rab8 16. Rd2 a5 17. Rc1 h6 18. Qd1 Rfe8 19. Qf1 Nd5 20. Rcd1
Nxc3 21. bxc3 a4 22. e4 a3 23. Qe2 Rb5 24. Kg2 Qc6 25. f3 f5 26. Rd8 Rb2 27.
Rxe8+ Qxe8 28. Rd2 fxe4 29. Qxe4 Qd7 30. Qe2 Rxd2 31. Bxd2 Bd5 32. Bc1 Qd6 33.
g4 c6 34. h4 Qf6 35. Bxa3 Qxh4 36. Qe8+ Kh7 37. Qd7 Qe1 38. Qf5+ Kg8 39. Bc5
Qe2+ 40. Kg3 Qe1+ 41. Kg2 Qe2+ 42. Kg3 Qe1+ 43. Kg2 Qe2+ 1/2-1/2

[Event "Manhem IM"]
[Site "?"]
[Date "1995.08.26"]
[Round "6"]
[White "Urban, Julian"]
[Black "Hultin, Johan"]
[Result "0-1"]
[WhiteElo "2260"]
[BlackElo "2285"]
[PlyCount "76"]
[EventDate "1995.??.??"]

{[%evp 0,2,25,11,24]} 1. Nf3 Nf6 2. g3 b6 3. Bg2 Bb7 4. d4 e6 5. O-O c5 6. c4
cxd4 7. Qxd4 Be7 8. Nc3 O-O 9. Rd1 d6 10. b3 Nbd7 11. Bb2 a6 12. Rac1 Qc7 13.
e4 Rad8 14. Qe3 Rfe8 15. Nd4 Bf8 16. Qe2 Qb8 17. Qc2 Qa8 18. Re1 Nc5 19. Rcd1
g6 20. a4 e5 21. Nf3 Ncxe4 22. Nxe4 Bxe4 23. Rxe4 Qxe4 24. Qc3 Qf5 25. a5 bxa5
26. Nh4 Qe6 27. Bc6 Re7 28. Qxa5 Rb8 29. Ba4 e4 30. Ng2 e3 31. Nxe3 Ne4 32. Nd5
Reb7 33. f3 Rxb3 34. Bxb3 Rxb3 35. Ba1 Rxf3 36. Re1 Qg4 37. Rxe4 Qxe4 38. Qc3
Qb1+ 0-1